[Event "SV Castrop-Rauxel 1 - DJK Aufwärts Aach"]
[Site "Oberliga NRW 2010/2011"]
[Date "2010.09.26"]
[Round "1.6"]
[White "Kaeding, Rainer"]
[Black "van Dooren, Dirk"]
[Result "0-1"]
[WhiteElo "2135"]
[BlackElo "2248"]
[Annotator ",Daniel"]
[PlyCount "150"]
[EventDate "2010.??.??"]

1. Nf3 f5 2. d3 d6 3. e4 e5 4. exf5 Bxf5 5. g3 Nc6 6. Bg2 Qd7 7. Nc3 Nf6 8. Bg5
d5 9. Qe2 O-O-O 10. O-O-O Bg4 11. h3 Nd4 12. Qe3 Bxf3 13. Bxf3 Bc5 14. Kb1 Nxf3
15. Qxf3 Rhf8 16. Qe2 Rde8 17. g4 Bd4 18. Bd2 Ng8 19. Rdf1 Rf7 20. Nd1 Bc5 21.
Be3 Bd6 22. c4 d4 23. Bc1 Qc6 24. Re1 Bb4 25. Bd2 Bxd2 26. Qxd2 e4 27. Rhg1 Nf6
28. Qf4 Rfe7 29. b3 exd3 30. Rxe7 Rxe7 31. Qf5+ Qe6 32. Qxd3 Qe2 33. Qxd4 Rd7
34. Nc3 Rxd4 35. Nxe2 Rd2 36. Nc3 Rxf2 37. Rg3 c6 38. Rd3 h6 39. a3 Kc7 40. Kc1
Nd7 41. Re3 Rh2 42. Ne2 Kd6 43. Kd2 b6 44. Kc3 $11 Ne5 45. Nf4 Rf2 46. Nd3 Rf3
47. Rxf3 Nxf3 48. b4 Ng5 49. Kd4 c5+ 50. bxc5+ bxc5+ 51. Ke3 Nxh3 52. Ke4 g6
53. Ne5 Nf2+ 54. Kf4 Nh3+ 55. Ke4 Nf2+ 56. Kf4 h5 57. Nxg6 Nxg4 58. Ke4 Nf6+
59. Kf5 Nd7 60. Ke4 Nb6 61. Kd3 Nd7 62. Ke4 a6 63. Nh4 Ke6 64. Nf3 Nb6 65. Ng5+
Kf6 66. Kf4 Na4 67. Nf3 Nb2 68. Ke4 Nxc4 69. Kd5 Nxa3 70. Kxc5 Nb5 71. Kb6 Nc7
72. Kxc7 a5 73. Kd6 a4 74. Nd4 h4 75. Kd5 h3 0-1

[Event "SV Castrop-Rauxel 1 - DJK Aufwärts Aach"]
[Site "Oberliga NRW 2010/2011"]
[Date "2010.09.26"]
[Round "1.7"]
[White "Foerster, Sven"]
[Black "Kartsev, Alexandr"]
[Result "1-0"]
[WhiteElo "2104"]
[BlackElo "2143"]
[Annotator ",Daniel"]
[PlyCount "75"]
[EventDate "2010.??.??"]

1. Nf3 f5 2. c4 Nf6 3. Nc3 g6 4. g3 Bg7 5. Bg2 O-O 6. O-O d6 7. d4 Qe8 8. Qb3
Na6 9. Bf4 h6 10. c5+ Kh7 11. Qc4 g5 12. Bxg5 hxg5 13. Nxg5+ Kg6 14. f4 dxc5
15. dxc5 e5 16. e4 c6 17. Rae1 Nh7 18. Nf3 Be6 19. exf5+ Rxf5 20. Qe2 Kf7 21.
Bh3 Rf6 $11 22. f5 Bd5 23. Nxe5+ Kg8 24. Nxd5 cxd5 25. Qd2 Rd8 26. c6 Rxc6 27.
Nxc6 Qxc6 28. f6 Nxf6 29. Be6+ Kh7 30. Qg5 Qc5+ 31. Kh1 d4 32. Re5 Qc6+ 33. Kg1
d3 34. Qh4+ Bh6 35. Rxf6 Qc1+ 36. Kg2 Qxb2+ 37. Kh3 Qc1 38. Rf7+ 1-0

[Event "SV Castrop-Rauxel 1 - DJK Aufwärts Aach"]
[Site "Oberliga NRW 2010/2011"]
[Date "2010.09.26"]
[Round "1.8"]
[White "Hille, Ralph Ingo"]
[Black "Tochtenhagen, Wolfgang"]
[Result "1-0"]
[WhiteElo "2096"]
[BlackElo "2127"]
[PlyCount "107"]
[EventDate "2010.??.??"]

1. b3 c5 2. Bb2 Nc6 3. f4 d5 4. e3 a6 5. Nf3 Nf6 6. g3 e6 7. Bg2 Bd6 8. O-O O-O
9. c4 d4 10. Kh1 Bc7 11. Na3 e5 12. fxe5 Ng4 13. exd4 cxd4 14. Nc2 Ngxe5 15.
Nxe5 Bxe5 16. d3 Qg5 17. Bc1 Qg4 18. Bf4 Bf6 19. h3 Qxd1 20. Raxd1 Re8 21. g4
h6 22. Bxh6 Bh4 23. Bd2 Bd7 24. Be1 Bf6 25. Bg3 Re2 26. Rf2 Rae8 27. Bf3 R2e7
28. Bd5 Re2 29. Rd2 R2e3 30. Rf3 Rxf3 31. Bxf3 Bg5 32. Re2 Rxe2 33. Bxe2 f5 34.
Bf3 Be3 35. Kg2 Kf7 36. Nxe3 dxe3 37. Bf4 Nb4 38. Bxe3 fxg4 39. hxg4 Nxd3 40.
Bxb7 Bxg4 41. Bxa6 Nb4 42. Bb7 Nxa2 43. Bd2 Kf6 44. Be4 Bd1 45. b4 Ke5 46. Bb1
Bb3 47. c5 Kd4 48. Kg3 Kd5 49. Kf4 Kc4 50. c6 Nxb4 51. Bxb4 Kxb4 52. Ke5 Ba4
53. c7 Bd7 54. Bf5 1-0

[Event "SK Münster 1 - Godesberger SK 1"]
[Site "Oberliga NRW 2010/2011"]
[Date "2010.09.26"]
[Round "1.1"]
[White "Likavsky, Tomas"]
[Black "Cuijpers, Frans"]
[Result "1-0"]
[WhiteElo "2417"]
[BlackElo "2422"]
[PlyCount "97"]
[EventDate "2010.??.??"]

1. d4 Nf6 2. c4 c6 3. Nf3 d5 4. e3 e6 5. Bd3 Nbd7 6. O-O dxc4 7. Bxc4 b5 8. Bd3
a6 9. a4 Bb7 10. Qe2 Be7 11. Nbd2 Qc7 12. axb5 cxb5 13. e4 e5 14. Nxe5 Nxe5 15.
dxe5 Qxe5 16. Nf3 Qh5 17. e5 Nd7 18. Be4 Bxe4 19. Qxe4 O-O 20. Be3 Rfe8 21.
Rfd1 Nc5 22. Bxc5 Bxc5 23. Rd5 Bf8 24. Rxb5 axb5 25. Rxa8 Rxa8 26. Qxa8 Qf5 27.
Qa1 g5 28. h3 h5 29. Qd1 g4 30. hxg4 hxg4 31. Nh4 Qe4 32. g3 Bg7 33. Qd8+ Kh7
34. Qd7 Qe1+ 35. Kg2 Qe4+ 36. Kh2 Qxe5 37. b3 Qh5 38. Kg2 b4 39. Nf5 Bc3 40.
Ne3 Qg6 41. Qxg4 Qxg4 42. Nxg4 Kg6 43. Ne3 Kf6 44. f4 Ke6 45. g4 Kd6 46. Kf3
Kc5 47. Ke4 Be1 48. Nc4 Bc3 49. g5 1-0

[Event "SK Münster 1 - Godesberger SK 1"]
[Site "Oberliga NRW 2010/2011"]
[Date "2010.09.26"]
[Round "1.2"]
[White "Kuijf, Marinus"]
[Black "Dranov, Aleksandr"]
[Result "1-0"]
[WhiteElo "2360"]
[BlackElo "2442"]
[PlyCount "73"]
[EventDate "2010.??.??"]

1. e4 c5 2. c3 d6 3. d4 Nf6 4. Bd3 e5 5. dxe5 dxe5 6. Nf3 Nc6 7. Qe2 Be7 8. O-O
O-O 9. Rd1 Qc7 10. Nbd2 h6 11. Nf1 Be6 12. Bc4 Bxc4 13. Qxc4 Rad8 14. Re1 Na5
15. Qa4 a6 16. Ng3 b5 17. Qc2 Rfe8 18. Nh4 Bf8 19. Nhf5 c4 20. b4 Nc6 21. a4
Rd3 22. axb5 axb5 23. Be3 Qd7 24. Qc1 Kh7 25. Ra6 Rd8 26. f3 g6 27. Nh4 Ne8 28.
Nf1 Nc7 29. Rb6 Rb8 30. Rxb8 Nxb8 31. Bf2 Ne6 32. Ne3 Nf4 33. g3 Nh3+ 34. Kg2
Be7 35. Ng4 Bg5 36. Be3 Rxe3 37. Qxe3 1-0

[Event "SK Münster 1 - Godesberger SK 1"]
[Site "Oberliga NRW 2010/2011"]
[Date "2010.09.26"]
[Round "1.3"]
[White "Jackelen, Thomas"]
[Black "Libeau, Rene Andre"]
[Result "1-0"]
[WhiteElo "2378"]
[BlackElo "2340"]
[PlyCount "59"]
[EventDate "2010.??.??"]

1. Nf3 Nf6 2. c4 e6 3. g3 d5 4. d4 Be7 5. Bg2 O-O 6. O-O dxc4 7. Qc2 a6 8. a4
Nc6 9. Qxc4 Bd7 10. Nc3 Na5 11. Qa2 c5 12. dxc5 Bxc5 13. Bg5 Bc6 14. Ne5 Bxg2
15. Kxg2 Bd4 16. Rad1 Qb6 17. Bxf6 gxf6 18. Nd7 Qc6+ 19. Nd5 Rfd8 20. Rxd4 Rxd7
21. Rc1 Qxc1 22. Nxf6+ Kh8 23. Nxd7 Rd8 24. Qa3 Nc6 25. Rd3 Kg7 26. Qc5 Qxc5
27. Nxc5 Rxd3 28. Nxd3 b5 29. axb5 axb5 30. e4 1-0

[Event "SK Münster 1 - Godesberger SK 1"]
[Site "Oberliga NRW 2010/2011"]
[Date "2010.09.26"]
[Round "1.4"]
[White "Hainke, Guntram"]
[Black "Mertens, Heiko"]
[Result "1/2-1/2"]
[WhiteElo "2253"]
[BlackElo "2282"]
[PlyCount "107"]
[EventDate "2010.??.??"]

1. d4 Nf6 2. c4 e6 3. g3 c5 4. d5 exd5 5. cxd5 d6 6. Bg2 g6 7. Nf3 Bg7 8. O-O
O-O 9. Nc3 Nbd7 10. h3 a6 11. a4 Rb8 12. a5 b5 13. axb6 Nxb6 14. e4 Re8 15. Re1
Nfd7 16. Bf1 Ne5 17. Nxe5 Bxe5 18. Be3 Nd7 19. Qc2 Qb6 20. Reb1 Qb3 21. Qd3 Bg7
22. Ra3 Qb7 23. Qc2 Qb4 24. Bd2 Qb6 25. Na4 Qd8 26. b4 Bd4 27. bxc5 Rxb1 28.
Qxb1 Nxc5 29. Nxc5 Bxc5 30. Rb3 Qf6 31. Be1 Qe5 32. Bg2 f5 33. Bb4 fxe4 34.
Bxc5 dxc5 35. Re3 Qd4 36. Rxe4 Rxe4 37. Bxe4 Qb4 38. Qd3 Qd4 39. Qb1 Qb4 40.
Qd3 Kg7 41. Kg2 Qd4 42. Qf3 Bb7 43. h4 Qe5 44. Kh2 c4 45. Qe3 Bxd5 46. Bxd5
Qxd5 47. Qa7+ Qf7 48. Qd4+ Qf6 49. Qa7+ Kg8 50. Qa8+ Kf7 51. Qb7+ Ke8 52. Qa8+
Ke7 53. Qa7+ Kf8 54. Qa8+ 1/2-1/2

[Event "SK Münster 1 - Godesberger SK 1"]
[Site "Oberliga NRW 2010/2011"]
[Date "2010.09.26"]
[Round "1.5"]
[White "Schmidt, Bodo"]
[Black "Molinaroli, Martin"]
[Result "0-1"]
[WhiteElo "2333"]
[BlackElo "2188"]
[PlyCount "134"]
[EventDate "2010.??.??"]

1. d4 g6 2. c4 Bg7 3. Nf3 c5 4. d5 d6 5. g3 b5 6. cxb5 a6 7. b6 Nd7 8. Bg2 Ngf6
9. Nc3 O-O 10. O-O Qxb6 11. h3 a5 12. Rb1 Ba6 13. Re1 Rfb8 14. e4 Qc7 15. Qc2
Rb4 16. Bf4 Rab8 17. Bf1 Bxf1 18. Kxf1 Qb7 19. Re2 Ne8 20. Nd1 Qa6 21. Bd2 R4b7
22. Bc3 Nef6 23. Kg1 Nb6 24. Re1 Nc4 25. Rc1 Nb6 26. Ne3 Qb5 27. Nd2 Na4 28.
Nec4 Nxc3 29. bxc3 a4 30. Rb1 Qa6 31. Rxb7 Rxb7 32. Kg2 Nd7 33. f4 Nb6 34. Ne3
h6 35. h4 h5 36. g4 hxg4 37. Nxg4 a3 38. c4 Nxd5 39. exd5 Rb2 40. Qd3 Rxa2 41.
Ne3 Qa5 42. Rd1 Qc3 43. Qe2 Rb2 44. Nef1 a2 45. h5 gxh5 46. Qxe7 Qf6 47. Qe8+
Kh7 48. Qe4+ Qg6+ 49. Kf3 f5 50. Qe6 Rc2 51. Ne3 Rxd2 52. Rxd2 a1=Q 53. Rg2
Qxe6 54. dxe6 Qf6 55. Rg5 Qxe6 56. Rxh5+ Kg8 57. Rxf5 Bd4 58. Rg5+ Kf7 59. Nf5
Bf6 60. Rh5 Kg6 61. Ng3 Qxc4 62. f5+ Kg7 63. Rh1 Qd5+ 64. Kg4 c4 65. Rh3 c3 66.
Nh5+ Kf7 67. Nf4 Qe4 0-1

[Event "SK Münster 1 - Godesberger SK 1"]
[Site "Oberliga NRW 2010/2011"]
[Date "2010.09.26"]
[Round "1.6"]
[White "Rott, Georg"]
[Black "Grimm, Sascha"]
[Result "0-1"]
[WhiteElo "2137"]
[BlackElo "2303"]
[PlyCount "108"]
[EventDate "2010.??.??"]

1. e4 e6 2. d4 d5 3. Nd2 Nf6 4. e5 Nfd7 5. Bd3 c5 6. c3 Nc6 7. Ne2 Qb6 8. Nf3
cxd4 9. cxd4 f6 10. exf6 Nxf6 11. O-O Bd6 12. b3 O-O 13. Bf4 Bxf4 14. Nxf4 Ne4
15. g3 Nxd4 16. Bxe4 dxe4 17. Qxd4 exf3 18. Qe4 e5 19. Qxe5 Bd7 20. Rfe1 Qb5
21. Rad1 Qxe5 22. Rxe5 Rae8 23. Re3 Bc6 24. h4 Rxe3 25. fxe3 Re8 26. Kf2 Re5
27. Nd3 Rd5 28. Nb2 Rc5 29. Rd2 Rc1 30. Nd1 h6 31. g4 g5 32. hxg5 hxg5 33. Kg3
Kf7 34. a3 Ke6 35. b4 Ra1 36. Rd3 Ke5 37. Nf2 Rg1+ 38. Kh3 Bb5 39. Rc3 b6 40.
Rc2 Rg2 41. Rd2 Bf1 42. Rd7 Rxf2+ 43. Kg3 Ra2 44. Kxf3 Rxa3 45. Rg7 Kf6 46. Rd7
Bc4 47. Rh7 Bd5+ 48. Kf2 Ra2+ 49. Kg3 Rg2+ 50. Kh3 Re2 51. Rxa7 Rxe3+ 52. Kh2
Rb3 53. Rd7 Be6 54. Rh7 Rxb4 0-1

[Event "SK Münster 1 - Godesberger SK 1"]
[Site "Oberliga NRW 2010/2011"]
[Date "2010.09.26"]
[Round "1.7"]
[White "Luetke, Jens"]
[Black "Korth, Daniel"]
[Result "1/2-1/2"]
[WhiteElo "2281"]
[BlackElo "2119"]
[PlyCount "159"]
[EventDate "2010.??.??"]

1. e4 e5 2. Nf3 Nc6 3. Bb5 a6 4. Ba4 Nf6 5. O-O Be7 6. Re1 b5 7. Bb3 d6 8. c3
O-O 9. d4 Bg4 10. Be3 Na5 11. Bc2 exd4 12. cxd4 c5 13. dxc5 dxc5 14. Nbd2 Re8
15. Qb1 Nd7 16. e5 Nf8 17. Be4 Rc8 18. Bf5 Bxf5 19. Qxf5 Qd7 20. Qh5 Qd3 21.
Rac1 Ne6 22. Qg4 Qg6 23. Qxg6 hxg6 24. Red1 f5 25. exf6 gxf6 26. h4 Red8 27. b3
Kf7 28. Ne4 Nb7 29. Kf1 Rxd1+ 30. Rxd1 Rd8 31. Rc1 Ke8 32. Ke2 Rc8 33. g3 Na5
34. Bd2 Nb7 35. Bc3 Kf7 36. Bb2 Nd6 37. Nxd6+ Bxd6 38. Rd1 Rd8 39. a4 bxa4 40.
bxa4 Bc7 41. Rxd8 Bxd8 42. Nd2 Ba5 43. Ne4 f5 44. Nd6+ Ke7 45. Nc4 Bc7 46. Kd3
Kd7 47. Be5 Bd8 48. Bc3 Bc7 49. Ne5+ Bxe5 50. Bxe5 Kc6 51. Kc4 Nd8 52. f3 Nb7
53. g4 Na5+ 54. Kc3 fxg4 55. fxg4 Kd5 56. Bc7 Nc6 57. h5 gxh5 58. gxh5 Ne7 59.
h6 Kc6 60. h7 Ng6 61. Bd8 Kd5 62. Bf6 Ke6 63. Bg7 Kd5 64. Bf8 Nh8 65. Bh6 Nf7
66. Bg7 Kc6 67. Kc4 Nd6+ 68. Kd3 Nf7 69. Ke4 Ng5+ 70. Kf5 Nxh7 71. Kg6 Kb6 72.
Kxh7 Ka5 73. Kg6 Kxa4 74. Kf5 Kb3 75. Ke4 a5 76. Kd3 a4 77. Kd2 a3 78. Bf6 c4
79. Be5 a2 80. Bf6 1/2-1/2

[Event "SK Münster 1 - Godesberger SK 1"]
[Site "Oberliga NRW 2010/2011"]
[Date "2010.09.26"]
[Round "1.8"]
[White "Wolter, Kai"]
[Black "Andersen, Hans-Christoph"]
[Result "1/2-1/2"]
[WhiteElo "2170"]
[BlackElo "2205"]
[PlyCount "27"]
[EventDate "2010.??.??"]

1. e4 e6 2. d4 d5 3. exd5 exd5 4. Nf3 Bg4 5. h3 Bh5 6. Qe2+ Qe7 7. Be3 Nc6 8.
g4 Bg6 9. Nc3 O-O-O 10. O-O-O Nb4 11. Rd2 f6 12. Nh4 Bf7 13. a3 Nc6 14. Qb5
1/2-1/2

[Event "SV Mülheim-Nord 2 - SF Katernberg 2"]
[Site "Oberliga NRW 2010/2011"]
[Date "2010.10.24"]
[Round "2.1"]
[White "Kotainy, Jens"]
[Black "Litwak, Aleksej"]
[Result "1-0"]
[WhiteElo "2341"]
[BlackElo "2294"]
[Annotator ",Daniel"]
[PlyCount "139"]
[EventDate "2010.??.??"]

1. e4 c5 2. Nc3 a6 3. Nf3 e6 4. d4 cxd4 5. Nxd4 d6 6. Be3 Qc7 7. Be2 Nf6 8. f4
b5 9. Bf3 Bb7 10. a3 Nbd7 11. O-O Be7 $11 12. Qe2 O-O 13. Rae1 Rfe8 14. Qf2 Nc5
15. Bd2 d5 16. e5 Nfe4 17. Nxe4 Nxe4 18. Bxe4 dxe4 19. Bb4 Bd8 20. Re3 f6 21.
Bd6 Qf7 22. exf6 Bxf6 23. Be5 Rad8 24. c3 Bd5 25. b3 Bb7 26. Qe2 Rc8 27. Rg3
Re7 28. Bxf6 Qxf6 29. f5 exf5 30. Rxf5 Qb6 31. h3 g6 32. Rfg5 Kh8 33. Kh1 Qf6
34. Qe3 Rcc7 35. Ne2 Rf7 36. Kh2 Qf2 37. Qxf2 Rxf2 38. Re3 Kg7 39. Rg4 h5 40.
Rg5 Kf6 41. h4 Rf5 42. Rgg3 Re7 43. Kg1 Rd7 44. Nd4 Rf4 45. Re2 a5 46. b4 axb4
47. axb4 Bd5 48. Rf2 Rxf2 49. Kxf2 Bc4 50. Ke3 Bd3 51. Rg5 Rc7 52. Kd2 Rb7 53.
g3 Rb8 54. Rc5 Rb7 55. Ke3 Rb6 56. Kf4 Kf7 57. Nc6 Kg7 58. Ke3 Kf6 59. Ne5 Rd6
60. Nc6 Re6 61. Nd4 Rb6 62. Rg5 Rb7 63. Nb3 Re7 64. Nc5 Rc7 65. Nxd3 exd3 66.
Kxd3 Rd7+ 67. Ke4 Re7+ 68. Kd4 Rd7+ 69. Kc5 Rb7 70. Kc6 1-0

[Event "SV Mülheim-Nord 2 - SF Katernberg 2"]
[Site "Oberliga NRW 2010/2011"]
[Date "2010.10.24"]
[Round "2"]
[White "Kaufeld, Juergen"]
[Black "Rosen, Bernd"]
[Result "1/2-1/2"]
[WhiteElo "2249"]
[BlackElo "2304"]
[PlyCount "44"]
[EventDate "2010.??.??"]

1. e4 e6 2. d4 d5 3. Nc3 Nf6 4. Bg5 dxe4 5. Nxe4 Be7 6. Bxf6 Bxf6 7. Nf3 Nd7 8.
Qd2 O-O 9. Bc4 a6 10. O-O-O b5 11. Bb3 a5 12. a3 Nb6 13. Nc5 Nd5 14. Kb1 a4 15.
Ba2 Qd6 16. Rhe1 Bd7 17. Ne4 Qe7 18. Bxd5 exd5 19. Nxf6+ Qxf6 20. Ne5 Qd6 21.
Re3 Rfe8 22. Rde1 f6 1/2-1/2

[Event "SV Mülheim-Nord 2 - SF Katernberg 2"]
[Site "Oberliga NRW 2010/2011"]
[Date "2010.10.24"]
[Round "2.3"]
[White "Hoolt, Sarah"]
[Black "Hausrath, Daniel"]
[Result "1/2-1/2"]
[WhiteElo "2217"]
[BlackElo "2488"]
[PlyCount "95"]
[EventDate "2010.??.??"]

1. e4 d6 2. d4 Nf6 3. Nc3 e5 4. Nf3 Nbd7 5. Bc4 Be7 6. O-O O-O 7. Re1 a6 8. a4
b6 9. b3 Bb7 10. Bb2 h6 11. Nd5 Nxd5 12. exd5 e4 13. Rxe4 Nf6 14. Re1 Qd7 15.
Bd3 Nxd5 16. Be4 f5 17. Bxd5+ Bxd5 18. c4 Bxf3 19. Qxf3 Bf6 20. Qd5+ Kh8 21.
Re6 Rae8 22. Rae1 Rxe6 23. Rxe6 Re8 24. Rxe8+ Qxe8 25. Kf1 Qh5 26. Ke1 Qxh2 27.
Qxf5 Qxg2 28. Ke2 Qa8 29. Kd3 Qg8 30. Kd2 Qe8 31. Kd3 Qg8 32. Kd2 Qf7 33. Kc2
Kg8 34. Qe4 c5 35. f4 Qe7 36. Qf3 cxd4 37. Bxd4 Bxd4 38. Qd5+ Qf7 39. Qxd4 Qf5+
40. Kc1 Qc5 41. Qe4 Kf7 42. Qb7+ Kf6 43. Qxa6 Qd4 44. Kb1 Kf5 45. b4 h5 46. a5
bxa5 47. Qxa5+ Kxf4 48. Qxh5 1/2-1/2

[Event "SV Mülheim-Nord 2 - SF Katernberg 2"]
[Site "Oberliga NRW 2010/2011"]
[Date "2010.10.24"]
[Round "2.4"]
[White "Zatonskih, Vitaly"]
[Black "Villwock, Martin"]
[Result "1-0"]
[WhiteElo "2267"]
[BlackElo "2139"]
[PlyCount "83"]
[EventDate "2010.??.??"]

1. e4 e5 2. Nf3 Nc6 3. Nc3 Nf6 4. d4 exd4 5. Nxd4 Bc5 6. Nxc6 bxc6 7. Bd3 d6 8.
Bg5 h6 9. Bh4 Qe7 10. O-O g5 11. Bg3 Bg4 12. Be2 Bd7 13. Re1 Kf8 14. Na4 Bb4
15. c3 Ba5 16. Bd3 Ng4 17. b4 Bb6 18. Nxb6 axb6 19. a4 h5 20. Be2 Qf6 21. Bxg4
Bxg4 22. f3 Be6 23. e5 Qd8 24. exd6 cxd6 25. Bxd6+ Kg8 26. Qd4 Rh6 27. Qe5 g4
28. f4 Bb3 29. Bc7 Qd2 30. f5 Kh7 31. Bxb6 Bd5 32. Re2 Qd3 33. Rae1 Rg8 34. Be3
g3 35. hxg3 h4 36. Bxh6 Rxg3 37. Be3 Rg4 38. Bd4 Rg8 39. Qf4 Qh3 40. Qh2 Qg4
41. Re8 Rxe8 42. Rxe8 1-0

[Event "SV Mülheim-Nord 2 - SF Katernberg 2"]
[Site "Oberliga NRW 2010/2011"]
[Date "2010.10.24"]
[Round "2.5"]
[White "Gassmann, Volker"]
[Black "Caessens, Rob"]
[Result "0-1"]
[WhiteElo "2202"]
[BlackElo "2241"]
[PlyCount "74"]
[EventDate "2010.??.??"]

1. c4 g6 2. Nc3 Bg7 3. d4 d6 4. e4 Nf6 5. f3 O-O 6. Be3 a6 7. Qd2 Nbd7 8. Nge2
Rb8 9. Nc1 c5 10. Nb3 b6 11. Be2 Bb7 12. d5 Bc8 13. g4 b5 14. cxb5 axb5 15.
Nxb5 Ra8 16. Bh6 Ba6 17. Bxg7 Kxg7 18. Na3 Ne5 19. O-O Qb6 20. Bxa6 Rxa6 21.
Qc3 g5 22. h4 h6 23. hxg5 hxg5 24. Qd2 Kg6 25. Kg2 Rb8 26. Rf2 Ra4 27. Rh1 c4
28. Nd4 Nd3 29. Nf5 Ng8 30. Re2 Nf4+ 31. Kg3 Nxe2+ 32. Qxe2 Qxb2 33. Qxb2 Rxb2
34. Rh8 Rxa3 35. Rxg8+ Kf6 36. Re8 Raxa2 37. f4 Ra3+ 0-1

[Event "SV Mülheim-Nord 2 - SF Katernberg 2"]
[Site "Oberliga NRW 2010/2011"]
[Date "2010.10.24"]
[Round "2.6"]
[White "Peerlings, Camiel"]
[Black "Wessendorf, Thomas"]
[Result "1-0"]
[WhiteElo "2194"]
[BlackElo "2223"]
[PlyCount "67"]
[EventDate "2010.??.??"]

1. e4 c5 2. Nf3 e6 3. d4 cxd4 4. Nxd4 a6 5. c4 Qc7 6. Nc3 Nf6 7. Be2 Bb4 8. Qd3
Nc6 9. O-O O-O 10. Bg5 Bxc3 11. bxc3 Qe5 12. Bxf6 Qxf6 13. c5 Qg5 14. Nb3 e5
15. Nd2 Nd8 16. Nc4 Ne6 17. Qd6 Nf4 18. Bf3 Re8 19. Qc7 d5 20. Nd6 Rf8 21. exd5
f5 22. Nxc8 Raxc8 23. Qxe5 Rxc5 24. g3 Ng6 25. Qd4 Rcc8 26. d6 f4 27. Bxb7 Rc5
28. Rfe1 Rcf5 29. d7 Ne5 30. Rad1 fxg3 31. fxg3 Nf7 32. Re8 Nd8 33. Bxa6 Qg6
34. Bd3 1-0

[Event "SV Mülheim-Nord 2 - SF Katernberg 2"]
[Site "Oberliga NRW 2010/2011"]
[Date "2010.10.24"]
[Round "2.7"]
[White "Bachmann, Karlheinz"]
[Black "Bus, Tomas"]
[Result "1/2-1/2"]
[WhiteElo "2194"]
[BlackElo "2154"]
[PlyCount "53"]
[EventDate "2010.??.??"]

1. Nf3 Nf6 2. g3 g6 3. Bg2 Bg7 4. O-O O-O 5. c4 c5 6. d4 d6 7. Nc3 Nc6 8. dxc5
dxc5 9. Bf4 Be6 10. Ne5 Nh5 11. Nxc6 bxc6 12. Bg5 Qc7 13. Qa4 Rab8 14. Qxc6
Qxc6 15. Bxc6 Rxb2 16. Nd5 Rxe2 17. Rfe1 Rb8 18. Rxe2 Bxa1 19. Kg2 Rb1 20. Bxe7
Bd4 21. Bg5 Kg7 22. Rd2 h6 23. Be3 Bxe3 24. Nxe3 Nf6 25. Bd5 Bd7 26. Rd3 a5 27.
Rb3 1/2-1/2

[Event "SV Mülheim-Nord 2 - SF Katernberg 2"]
[Site "Oberliga NRW 2010/2011"]
[Date "2010.10.24"]
[Round "2.8"]
[White "Wittenberg, Andreas"]
[Black "Nautsch, Werner"]
[Result "1/2-1/2"]
[WhiteElo "2174"]
[BlackElo "2134"]
[PlyCount "84"]
[EventDate "2010.??.??"]

1. d4 d5 2. Nf3 Nf6 3. c4 c6 4. e3 e6 5. Nbd2 Be7 6. Bd3 O-O 7. O-O Nbd7 8. b3
b6 9. Bb2 Bb7 10. Rc1 Rc8 11. Qe2 c5 12. cxd5 Nxd5 13. Rfd1 cxd4 14. Nxd4 Rxc1
15. Rxc1 Nc5 16. Bb1 Bf6 17. Ne4 Nxe4 18. Bxe4 h6 19. Qf3 Qd7 20. h3 Bxd4 21.
Bxd4 f5 22. Bxd5 Qxd5 23. Rc7 Rf7 24. Rxf7 Kxf7 25. Qg3 g5 26. Qc7+ Ke8 27. f3
g4 28. Bf6 Qd7 29. Qxd7+ Kxd7 30. hxg4 fxg4 31. fxg4 a5 32. Bd4 b5 33. Bg7 a4
34. bxa4 bxa4 35. a3 Ke8 36. Bxh6 Kf7 37. Bf4 Kg6 38. Kf2 Bd5 39. Bc7 Bb3 40.
Kf3 Bd5+ 41. e4 Bb3 42. Kf4 Bc4 1/2-1/2

[Event "SK Münster 1 - Aachener SV 1"]
[Site "Oberliga NRW 2010/2011"]
[Date "2010.10.24"]
[Round "2.1"]
[White "Koch, Thomas"]
[Black "Cuijpers, Frans"]
[Result "1/2-1/2"]
[WhiteElo "2400"]
[BlackElo "2422"]
[PlyCount "80"]
[EventDate "2010.??.??"]

1. d4 d5 2. c4 c6 3. Nc3 Nf6 4. e3 e6 5. Nf3 Nbd7 6. Qc2 Bd6 7. b3 O-O 8. Be2
e5 9. cxd5 cxd5 10. Nb5 Bb4+ 11. Bd2 Bxd2+ 12. Nxd2 a6 13. Nc3 exd4 14. exd4
Re8 15. O-O Nf8 16. Rfe1 Bd7 17. Nf3 Rc8 18. Qb2 Bf5 19. Rac1 Ne6 20. Na4 Nf4
21. Bf1 Be4 22. Ne5 Rxc1 23. Qxc1 Ne6 24. Qc3 Qc8 25. Nc5 Nxc5 26. dxc5 Qc7 27.
f4 Nd7 28. Nxd7 Qxd7 29. Qd4 h6 30. g3 Qf5 31. b4 Qd7 32. Re3 Qa4 33. a3 Qc2
34. Qc3 Qd1 35. Qe1 Qd4 36. Qc3 Qd1 37. Qe1 Qc2 38. Qc3 Qd1 39. Qe1 Qc2 40. Qc3
Qd1 1/2-1/2

[Event "SK Münster 1 - Aachener SV 1"]
[Site "Oberliga NRW 2010/2011"]
[Date "2010.10.24"]
[Round "2.2"]
[White "Bosboom, Manuel"]
[Black "Sonntag, Hans-Hubert"]
[Result "1-0"]
[WhiteElo "2437"]
[BlackElo "2362"]
[PlyCount "49"]
[EventDate "2010.??.??"]

1. c4 e6 2. Nf3 d5 3. e3 Nf6 4. a3 Be7 5. g4 O-O 6. Rg1 c5 7. b4 cxb4 8. axb4
Bxb4 9. Bb2 Nc6 10. Qc2 Be7 11. Nc3 b6 12. g5 Ne8 13. Ra4 Nb4 14. Rxb4 Bxb4 15.
Bd3 f5 16. gxf6 Rxf6 17. Bxh7+ Kf8 18. Ne5 Bb7 19. Qa4 Be7 20. Nd7+ Kf7 21.
cxd5 exd5 22. Qg4 Bd6 23. Nb5 Ke7 24. Bxf6+ gxf6 25. Qg7+ 1-0

[Event "SK Münster 1 - Aachener SV 1"]
[Site "Oberliga NRW 2010/2011"]
[Date "2010.10.24"]
[Round "2.3"]
[White "Meessen, Rudolf"]
[Black "Libeau, Rene Andre"]
[Result "0-1"]
[WhiteElo "2271"]
[BlackElo "2340"]
[PlyCount "80"]
[EventDate "2010.??.??"]

1. d4 e6 2. e4 d5 3. Nc3 Bb4 4. e5 Qd7 5. Qg4 Bf8 6. Nf3 b6 7. Bb5 c6 8. Ba4 a5
9. a3 Ba6 10. Bd2 Bc4 11. h4 h5 12. Qf4 Nh6 13. Nd1 b5 14. b3 Be2 15. Kxe2 bxa4
16. bxa4 Qa7 17. Nb2 Nd7 18. Qe3 c5 19. c3 Nf5 20. Qd3 Be7 21. g3 O-O 22. Bf4
Rab8 23. Rhb1 Rb3 24. Nd1 Rfb8 25. Ne3 Nxd4+ 26. Nxd4 cxd4 27. Rxb3 Rxb3 28.
Qxd4 Bc5 29. Qd2 Qb7 30. Rc1 Bxa3 31. Rc2 Nc5 32. c4 Bb4 33. Qd1 Rd3 34. Qh1
Qa6 35. Qf3 d4 36. Qxh5 dxe3 37. Bxe3 Rd7 38. Qg4 Qc6 39. Rc1 Nd3 40. Rc2 Qxa4
0-1

[Event "SK Münster 1 - Aachener SV 1"]
[Site "Oberliga NRW 2010/2011"]
[Date "2010.10.24"]
[Round "2.4"]
[White "Molinaroli, Martin"]
[Black "Klein, Felix"]
[Result "1-0"]
[WhiteElo "2188"]
[BlackElo "2261"]
[PlyCount "149"]
[EventDate "2010.??.??"]

1. Nf3 d5 2. g3 c6 3. Bg2 Bg4 4. d3 Nd7 5. O-O Ngf6 6. b3 e5 7. Nbd2 Bc5 8. e4
dxe4 9. dxe4 O-O 10. Bb2 Qc7 11. h3 Bxf3 12. Qxf3 Rfd8 13. Rfd1 Nf8 14. Nc4
N6d7 15. Ne3 Bxe3 16. Qxe3 Ne6 17. Rd2 Nb6 18. Rad1 f6 19. h4 Rxd2 20. Rxd2 Rd8
21. Bc1 Rxd2 22. Bxd2 Qd6 23. a4 Nd7 24. Bf1 Nd4 25. Bc3 b6 26. Qd3 Nc5 27.
Qc4+ Nce6 28. Bxd4 exd4 29. Bh3 Kf7 30. Bxe6+ Qxe6 31. Qxd4 g6 32. a5 bxa5 33.
Qxa7+ Kg8 34. Qd4 Kg7 35. Kg2 h5 36. f3 Qe7 37. Kh2 Qb7 38. e5 fxe5 39. Qxe5+
Kh7 40. Qxa5 Qe7 41. Qd2 Qe6 42. Kg2 Kg7 43. Qd3 Kh7 44. Kf2 Qh3 45. f4 Qe6 46.
Qe3 Qd5 47. Ke2 Kg8 48. Qd3 Qe6+ 49. Kd2 Kh7 50. Kc1 c5 51. Qc3 Qe7 52. Qe5 Qf8
53. Kb2 Kh6 54. Kc3 Kh7 55. Kc4 Qg8+ 56. Qd5 Qe8 57. Qxc5 Qe4+ 58. Kb5 Qf3 59.
Qe7+ Kh8 60. Qd8+ Kh7 61. Qd3 Qb7+ 62. Ka4 Qa7+ 63. Kb4 Qb6+ 64. Ka3 Qa5+ 65.
Kb2 Qc5 66. Qc3 Qb5 67. Qc4 Qb6 68. b4 Qe3 69. Qc3 Qe2 70. Qd3 Qf2 71. b5 Qc5
72. c3 Qf2+ 73. Kb3 Qc5 74. Qd7+ Kh6 75. f5 1-0

[Event "SK Münster 1 - Aachener SV 1"]
[Site "Oberliga NRW 2010/2011"]
[Date "2010.10.24"]
[Round "2.5"]
[White "Begnis, Nikolaos"]
[Black "Rott, Georg"]
[Result "0-1"]
[WhiteElo "2252"]
[BlackElo "2137"]
[PlyCount "80"]
[EventDate "2010.??.??"]

1. e4 e6 2. d4 d5 3. exd5 exd5 4. c4 Bb4+ 5. Nc3 Ne7 6. Bd3 dxc4 7. Bxc4 O-O 8.
Nge2 Bg4 9. O-O Nbc6 10. h3 Bf5 11. Bf4 Bd6 12. Re1 a6 13. a3 Ng6 14. Bxd6 Qxd6
15. d5 Nce5 16. Bb3 Bxh3 17. Qd4 Bg4 18. Ng3 Rae8 19. Bc2 Qf6 20. Re4 Bf3 21.
Rae1 Bxe4 22. Rxe4 Nd7 23. Qb4 b6 24. Ba4 Qd8 25. Nf5 Rxe4 26. Nxe4 Nf6 27. Qd4
b5 28. Bb3 Re8 29. f3 Re5 30. g4 Nxe4 31. fxe4 Qg5 32. Bd1 h5 33. d6 cxd6 34.
Nxd6 hxg4 35. Bb3 Qc1+ 36. Kf2 g3+ 37. Ke2 Nf4+ 38. Kf3 Qf1+ 39. Kg4 Nd3 40.
Bxf7+ Kh7 0-1